Managing people and business

Bibliographic Details
Main Author: Ruin, Josef Eby
Format: Book
Published: Petaling Jaya : Leeds Publication , 2001
Subjects:

MARC

LEADER 00000cam a2200000 7i4500
001 0000015371
005 20220601.0
020 |a 9832431115 
040 |a INS 
090 0 0 |a HF5549   |b R86 2001 
100 1 |a Ruin, Josef Eby 
245 0 0 |a Managing people and business   |c Josef Eby Ruin 
260 |a Petaling Jaya :   |b Leeds Publication ,   |c 2001 
300 |a x, 206p. ;   |c 22cm. 
650 0 |a Organizational behavior. 
650 0 |a Personnel management. 
999 |a 0000015168   |b BOOK   |c Open Shelf   |e Default branch 
999 |a 0000015176   |b BOOK   |c Open Shelf   |e Default branch